Finalistes d'un grand titre ATP depuis 1990 (GC, Masters, M1000) - Statistiques

Statistiques générales
  • Ce quiz a été pris 175 fois
    19 depuis la dernière actualisation
  • Le résultat moyen est 99 sur 153
Statistiques - réponses
Pays Joueur Nombre total de finales Nb de finales en GC Nb de finales en Masters Nb de finales en M1000 % Correct
USA Agassi 41 15 4 22
100%
ESP Alcaraz 19 8 1 10
100%
RSA Anderson 2 2 0 0
100%
CAN Auger Aliassime 2 0 0 2
100%
GER Becker 20 5 4 11
100%
CZE Berdych 5 1 0 4
100%
CRO Cilic 4 3 0 1
100%
ARG Del Potro 7 2 1 4
100%
SRB Djokovic 107 38 9 60
100%
SUI Federer 91 31 10 50
100%
ESP Ferrer 9 1 1 7
100%
USA Fritz 3 1 1 1
100%
FRA Gasquet 3 0 0 3
100%
POL Hurkacz 3 0 0 3
100%
BRA Kuerten 14 3 1 10
100%
RUS Medvedev 19 6 2 11
100%
UKR Medvedev 6 1 0 5
100%
FRA Monfils 3 0 0 3
100%
GBR Murray 33 11 1 21
100%
ESP Nadal 85 30 2 53
100%
JPN Nishikori 5 1 0 4
100%
CAN Raonic 5 1 0 4
100%
DEN Rune 4 0 0 4
100%
NOR Ruud 8 3 1 4
100%
RUS Safin 12 4 0 8
100%
USA Sampras 43 18 6 19
100%
FRA Simon 2 0 0 2
100%
ITA Sinner 23 6 3 14
100%
AUT Thiem 9 4 2 3
100%
GRE Tsitsipas 10 2 1 7
100%
FRA Tsonga 6 1 1 4
100%
SUI Wawrinka 8 4 0 4
100%
GER Zverev 18 3 2 13
100%
ITA Berrettini 2 1 0 1
91%
USA Courier 14 7 2 5
91%
BUL Dimitrov 4 0 1 3
91%
SWE Edberg 16 6 1 9
91%
ESP Ferrero 10 3 1 6
91%
ITA Fognini 1 0 0 1
91%
AUS Hewitt 14 4 3 7
91%
USA Isner 5 0 0 5
91%
CZE Lendl 4 2 0 2
91%
ESP Moya 9 2 1 6
91%
ARG Nalbandian 8 1 1 6
91%
GBR Norrie 1 0 0 1
91%
USA Roddick 14 5 0 9
91%
USA Shelton 1 0 0 1
91%
USA Sock 1 0 0 1
91%
SWE Soderling 3 2 0 1
91%
ESP Bautista Agut 1 0 0 1
82%
ESP Carreno Busta 1 0 0 1
82%
CRO Coric 2 0 0 2
82%
BEL Goffin 2 0 1 1
82%
FRA Grosjean 3 0 1 2
82%
CRO Ivanisevic 11 4 0 7
82%
RUS Kafelnikov 9 3 1 5
82%
RUS Khachanov 2 0 0 2
82%
AUS Kyrgios 2 1 0 1
82%
CZE Mensik 1 0 0 1
82%
AUT Muster 11 1 0 10
82%
FRA Pioline 5 2 0 3
82%
AUS Rafter 10 4 0 6
82%
RUS Rublev 6 0 0 6
82%
CAN Shapovalov 1 0 0 1
82%
USA Tiafoe 1 0 0 1
82%
MON Vacherot 1 0 0 1
82%
ESP Bruguera 8 3 0 5
73%
USA Chang 13 3 1 9
73%
FRA Clement 1 1 0 0
73%
RUS Davydenko 5 0 2 3
73%
AUS De Minaur 1 0 0 1
73%
GBR Draper 2 0 0 2
73%
FRA Forget 5 0 0 5
73%
ARG Gaudio 1 1 0 0
73%
FRA Humbert 1 0 0 1
73%
FRA Rinderknech 1 0 0 1
73%
CHI Rios 8 1 0 7
73%
ARG Schwartzman 1 0 0 1
73%
ESP Verdasco 1 0 0 1
73%
ARG Coria 8 1 0 7
64%
ESP Corretja 8 2 1 5
64%
GBR Henman 4 0 0 4
64%
CZE Korda 5 2 0 3
64%
CRO Ljubicic 4 0 0 4
64%
ITA Musetti 1 0 0 1
64%
AUS Popyrin 1 0 0 1
64%
ARG Puerta 1 1 0 0
64%
GER Stich 7 3 1 3
64%
CHY Baghdatis 1 1 0 0
55%
USA Blake 3 0 1 2
55%
ESP Costa 4 1 0 3
55%
ESP Costa 1 0 0 1
55%
USA Fish 4 0 0 4
55%
ECU Gomez 1 1 0 0
55%
GER Haas 2 0 0 2
55%
CHI Jarry 1 0 0 1
55%
SWE Johansson 2 1 0 1
55%
NED Krajicek 7 1 0 6
55%
GEO Basilashvili 1 0 0 1
45%
ESP Berasategui 1 1 0 0
45%
SWE Enqvist 5 1 0 4
45%
CHI Gonzalez 3 1 0 2
45%
SVK Hrbaty 2 0 0 2
45%
AUS Philippoussis 4 2 0 2
45%
ESP Robredo 1 0 0 1
45%
GBR Rusedski 3 1 0 2
45%
ESP Sanchez 1 0 0 1
45%
CZE Stepanek 2 0 0 2
45%
GER Struff 1 0 0 1
45%
NED Verkerk 1 1 0 0
45%
RUS Chesnokov 5 0 0 5
36%
ESP Davidovich Fokina 1 0 0 1
36%
RSA Ferreira 3 0 0 3
36%
USA Gilbert 1 0 0 1
36%
POL Janowicz 1 0 0 1
36%
GER Kiefer 1 0 0 1
36%
USA Krickstein 1 0 0 1
36%
SRB Lajovic 1 0 0 1
36%
USA Martin 3 2 0 1
36%
CZE Novacek 1 0 0 1
36%
SWE Pernfors 1 0 0 1
36%
SUI Rosset 1 0 0 1
36%
GER Schuttler 2 1 0 1
36%
ESP Aguilera 1 0 0 1
27%
ARG Canas 2 0 0 2
27%
ESP Carretero 1 0 0 1
27%
CZE Lehecka 1 0 0 1
27%
ISR Levy 1 0 0 1
27%
ESP Mantilla 2 0 0 2
27%
CHI Massu 1 0 0 1
27%
SWE Norman 2 1 0 1
27%
CZE Novak 1 0 0 1
27%
USA Opelka 1 0 0 1
27%
ESP Ramos Vinolas 1 0 0 1
27%
USA Washington 3 1 0 2
27%
USA Wheaton 1 0 0 1
27%
MAR Arazi 1 0 0 1
18%
SWE Bjorkman 1 0 0 1
18%
USA Gambill 1 0 0 1
18%
SWE Gustafsson 1 0 0 1
18%
SRB Krajinovic 1 0 0 1
18%
ARG Mancini 2 0 0 2
18%
BLR Mirnyi 1 0 0 1
18%
ROM Pavel 2 0 0 2
18%
ESP Portas 1 0 0 1
18%
AUS Stoltenberg 1 0 0 1
18%
CZE Ulihrach 1 0 0 1
18%
AUS Woodbridge 1 0 0 1
18%
USA Woodruff 1 0 0 1
18%
USA Berger 1 0 0 1
9%
ARG Calleri 1 0 0 1
9%
NED Haarhuis 1 0 0 1
9%
ARG Zabaleta 1 0 0 1
9%
Aucun quiz correspondant
Distribution des résultats
% des personnes avec chaque résultat
Percentile par nombre de réponses
Votre historique - résultats
Vous n’avez pas pris ce quiz depuis la dernière actualisation